Analýza vývoje kvality a výkonnosti potravinářských výrobků

Analýza spokojnosti zákazníkov s kvalitou potravinárskych výrobkov a s tým súvisiaci výskum výkonnosti podnikov, ktoré tieto výrobky produkujú.

Salvato in:
Dettagli Bibliografici
Autore principale: Richter, Jiří
Natura: Capitolo di libro
Lingua:ceco
Soggetti:
Tags: Aggiungi Tag
Nessun Tag, puoi essere il primo ad aggiungerne!!

MARC

LEADER 00000nla a2200000 4500
001 0227617
005 20240417075111.6
041 0 |a cze 
044 |a CZ 
245 1 0 |a Analýza vývoje kvality a výkonnosti potravinářských výrobků  |c Jiří Richter 
520 |a Analýza spokojnosti zákazníkov s kvalitou potravinárskych výrobkov a s tým súvisiaci výskum výkonnosti podnikov, ktoré tieto výrobky produkujú. 
610 2 0 |a kvalita výrobkov 
610 2 0 |a potraviny 
610 2 0 |a spokojnosť zákazníkov 
610 2 0 |a výkonnosť podniku 
610 2 0 |a výkony podnikové 
100 1 |a Richter, Jiří